000 00299nam a22001337a 4500
008 171004b xxu||||| |||| 00| 0 eng d
020 _a9780030228094
041 _aeng
080 _23RD
_a159.9
100 _a48
101 _aPSI
245 _aENVIRONMENTAL PSYCHOLOGY
_cBELL,P.A
942 _2udc
_cBK
999 _c31775
_d31775